Tesis sobre Feuerbach: y otros escritos filosóficos

Uloženo v:
Podrobná bibliografie
Hlavní autor: Engels, Friedrich (Autor)
Médium: Kniha
Jazyk:španělština
Vydáno: Ciudad de México Grijalbo 1970
Edice:Colección 70, 72
Témata:
Tagy: Přidat tag
Žádné tagy, Buďte první, kdo vytvoří štítek k tomuto záznamu!

MARC

LEADER 00000nam a2200000 a 4500
001 UCY1843
003 CL-VaPUC
005 20230110152414.0
008 940922e19700000MX |||||||||||||||||spa|d
999 |c 230427  |d 230425 
040 |c Pontificia Universidad Católica de Valparaíso 
082 0 4 |a 146  |b MAR  |2 21 
245 1 0 |a Tesis sobre Feuerbach: y otros escritos filosóficos 
260 |a Ciudad de México  |b Grijalbo  |c 1970 
300 |a 158 p 
490 0 |a Colección 70, 72 
583 |a last modification  |c 19940922 00:00:00  |k Rodrigo Vera 
600 0 |a Feuerbach, Ludwig  |9 318753 
700 0 |a Engels, Friedrich  |e author  |9 329888 
942 |c BK  |2 ddc 
945 |d 19940922 00:00:00  |a oaravena 
952 |0 0  |1 0  |4 0  |6 146_000000000000000_MAR_1970  |7 0  |8 A  |9 232690  |a BIBHIS  |b BIBHIS  |d 2019-11-15  |i 3019551  |o 146 MAR 1970  |p 3019551  |r 2025-01-20  |w 2019-11-15  |y BK  |k HIS